Mercado de capitales, banca de inversión y modernización en Colombia / (Registro nro. 8079)

Detalles MARC
000 -LEADER
fixed length control field 00976nam a2200241Ia 4500
003 - CONTROL NUMBER IDENTIFIER
control field OSt
005 - DATE AND TIME OF LATEST TRANSACTION
control field 20210826141614.0
008 - FIXED-LENGTH DATA ELEMENTS--GENERAL INFORMATION
fixed length control field 210310s1992 ck ad fr 100 0 spa d
040 ## - CATALOGING SOURCE
Original cataloging agency CO-JMCR
Transcribing agency CO-JMCR
041 0# - LANGUAGE CODE
Language code of text/sound track or separate title spa
082 04 - DEWEY DECIMAL CLASSIFICATION NUMBER
Classification number 332.041 /
Item number B694m
Edition number 23
100 1# - MAIN ENTRY--PERSONAL NAME
Personal name Bolívar Blanco, Germán Augusto,
9 (RLIN) 16188
Relator term autor
245 10 - TITLE STATEMENT
Title Mercado de capitales, banca de inversión y modernización en Colombia /
Statement of responsibility, etc. por Germán Augusto Bolívar Blanco
260 ## - PUBLICATION, DISTRIBUTION, ETC.
Place of publication, distribution, etc. Bogotá :
Name of publisher, distributor, etc. Bolsa de Bogotá,
Date of publication, distribution, etc. 1992
300 ## - PHYSICAL DESCRIPTION
Extent 103 páginas :
Other physical details ilustraciones y gráficas a blanco y negro ;
Dimensions 27 cm.
504 ## - BIBLIOGRAPHY, ETC. NOTE
Bibliography, etc. note Bibliografía: páginas 101-103
505 0# - FORMATTED CONTENTS NOTE
Formatted contents note Qué es el mercado de capitales -- Banca de inversión -- Modernización
586 ## - AWARDS NOTE
Awards note "Tercer Premio Nacional de Mercado de Valores. Bolsa de Bogotá"
650 14 - SUBJECT ADDED ENTRY--TOPICAL TERM
Topical term or geographic name entry element Mercados financieros
9 (RLIN) 16278
Geographic subdivision Colombia
650 24 - SUBJECT ADDED ENTRY--TOPICAL TERM
Topical term or geographic name entry element Bancos de inversión
Geographic subdivision Colombia
9 (RLIN) 39726
651 #2 - SUBJECT ADDED ENTRY--GEOGRAPHIC NAME
Geographic name Colombia
General subdivision Política económica
9 (RLIN) 6872
942 ## - ADDED ENTRY ELEMENTS (KOHA)
Source of classification or shelving scheme Dewey Decimal Classification
Koha item type Books
Existencias
Withdrawn status Lost status Source of classification or shelving scheme Damaged status Not for loan Collection code Home library Current library Date acquired Source of acquisition Full call number Barcode Date last seen Copy number Koha item type
    Dewey Decimal Classification     Non-fiction Biblioteca Pública José María del Castillo y Rada Biblioteca Pública José María del Castillo y Rada 04/15/2018 Donación 332.041 / B694m 430003189 05/16/2024 Ej.1 Books